Formula One Drivers 2025 - Statistics

General Stats
  • This quiz has been taken 1,178 times
    865 since last reset
  • The average score is 16 of 20
Answer Stats
Answer % Correct
Max Verstappen
99%
Lewis Hamilton
98%
Charles Leclerc
95%
Lando Norris
95%
Yuki Tsunoda
93%
Oscar Piastri
91%
Kimi Antonelli
89%
George Russell
88%
Fernando Alonso
84%
Pierre Gasly
81%
Nico Hulkenberg
80%
Carlos Sainz
79%
Lance Stroll
78%
Esteban Ocon
74%
Liam Lawson
71%
Oliver Bearman
70%
Alexender Albon
69%
Franco Colapinto
67%
Gabriel Bortoleto
67%
Isack Hadjar
67%
No matching quizzes found
Score Distribution
Percent of People with Each Score
Percentile by Number Answered
Your Score History
You have not taken this quiz since the last reset